<?xml version='1.0' encoding='UTF-8'?>
  <record xmlns="http://www.loc.gov/MARC21/slim">
    <leader>00000cam a2200000 i 4500</leader>
    <controlfield tag="001">ocm64566344</controlfield>
    <controlfield tag="003">OCoLC</controlfield>
    <controlfield tag="005">20250920124349.6</controlfield>
    <controlfield tag="008">871110s1877    ne            000 0 dut d</controlfield>
    <datafield tag="040" ind1=" " ind2=" ">
      <subfield code="a">NLGGC</subfield>
      <subfield code="b">dut</subfield>
      <subfield code="e">fobidrtb</subfield>
      <subfield code="c">NLGGC</subfield>
      <subfield code="d">L2U</subfield>
      <subfield code="d">OCLCO</subfield>
      <subfield code="d">BEATB</subfield>
      <subfield code="d">OCLCL</subfield>
      <subfield code="d">OCLCQ</subfield>
    </datafield>
    <datafield tag="019" ind1=" " ind2=" ">
      <subfield code="a">902284772</subfield>
    </datafield>
    <datafield tag="029" ind1="0" ind2=" ">
      <subfield code="a">NLGGC</subfield>
      <subfield code="b">042628032</subfield>
    </datafield>
    <datafield tag="035" ind1=" " ind2=" ">
      <subfield code="a">(OCoLC)64566344</subfield>
      <subfield code="z">(OCoLC)902284772</subfield>
    </datafield>
    <datafield tag="084" ind1=" " ind2=" ">
      <subfield code="a">17.84</subfield>
      <subfield code="2">bcl</subfield>
    </datafield>
    <datafield tag="100" ind1="1" ind2=" ">
      <subfield code="a">Lulofs, B.H.</subfield>
      <subfield code="q">(Barthold Henrik),</subfield>
      <subfield code="d">1787-1849.</subfield>
      <subfield code="1">https://id.oclc.org/worldcat/entity/E39PBJf4bhvJTwq66PgfbTqWjC</subfield>
    </datafield>
    <datafield tag="245" ind1="1" ind2="3">
      <subfield code="a">De kunst der mondelijke voordracht of uiterlijke welsprekendheid (voor studenten, rederijkers, en verdere beoefenaars) /</subfield>
      <subfield code="c">door B.H. Lulofs ; opnieuw uitgeg. door J. van Vloten.</subfield>
    </datafield>
    <datafield tag="246" ind1="3" ind2=" ">
      <subfield code="a">Over de hoorbare voordracht van den redenaar</subfield>
    </datafield>
    <datafield tag="260" ind1=" " ind2=" ">
      <subfield code="a">Amsterdam :</subfield>
      <subfield code="b">C.L. Brinkman,</subfield>
      <subfield code="c">1877.</subfield>
    </datafield>
    <datafield tag="300" ind1=" " ind2=" ">
      <subfield code="a">300 p. :</subfield>
      <subfield code="b">ill. ;</subfield>
      <subfield code="c">22 cm.</subfield>
    </datafield>
    <datafield tag="336" ind1=" " ind2=" ">
      <subfield code="a">tekst</subfield>
      <subfield code="b">txt</subfield>
      <subfield code="2">rdacontent/dut</subfield>
    </datafield>
    <datafield tag="337" ind1=" " ind2=" ">
      <subfield code="a">zonder medium</subfield>
      <subfield code="b">n</subfield>
      <subfield code="2">rdamedia/dut</subfield>
    </datafield>
    <datafield tag="338" ind1=" " ind2=" ">
      <subfield code="a">band</subfield>
      <subfield code="b">nc</subfield>
      <subfield code="2">rdacarrier/dut</subfield>
    </datafield>
    <datafield tag="340" ind1=" " ind2=" ">
      <subfield code="a">papier</subfield>
    </datafield>
    <datafield tag="500" ind1=" " ind2=" ">
      <subfield code="a">1e dr.: 1848.</subfield>
    </datafield>
    <datafield tag="530" ind1=" " ind2=" ">
      <subfield code="a">Ook beschikbaar in microvorm.</subfield>
    </datafield>
    <datafield tag="530" ind1=" " ind2=" ">
      <subfield code="a">Titel is geselecteerd voor digitalisering voor de Universiteit van Leiden in het kader van het Google Books-project.</subfield>
    </datafield>
    <datafield tag="650" ind1=" " ind2="7">
      <subfield code="a">17.84 language and style in literature.</subfield>
      <subfield code="0">(NL-LeOCL)077599241</subfield>
      <subfield code="2">bcl</subfield>
    </datafield>
    <datafield tag="650" ind1="1" ind2="7">
      <subfield code="a">Retorica.</subfield>
      <subfield code="2">gtt</subfield>
      <subfield code="0">(NL-LeOCL)078649978</subfield>
    </datafield>
    <datafield tag="655" ind1=" " ind2="7">
      <subfield code="a">Leermiddelen (vorm)</subfield>
      <subfield code="2">gtt</subfield>
      <subfield code="0">(NL-LeOCL)088143767</subfield>
    </datafield>
    <datafield tag="700" ind1="1" ind2=" ">
      <subfield code="a">Vloten, J. van</subfield>
      <subfield code="q">(Johannes),</subfield>
      <subfield code="d">1818-1883.</subfield>
      <subfield code="1">https://id.oclc.org/worldcat/entity/E39PBJptW8mxjg6Y4Vb4Ppk7HC</subfield>
    </datafield>
    <datafield tag="700" ind1="1" ind2=" ">
      <subfield code="a">Kinker, Johannes,</subfield>
      <subfield code="d">1764-1845.</subfield>
      <subfield code="1">https://id.oclc.org/worldcat/entity/E39PBJj8KgCfcTtKgbvMvpkCcP</subfield>
    </datafield>
    <datafield tag="758" ind1=" " ind2=" ">
      <subfield code="a">De kunst der mondelijke voordracht, of Uiterlijke welsprekendheid (Text)</subfield>
      <subfield code="1">https://id.oclc.org/worldcat/entity/E39PCH8PKmGTYqtKQ9Qyhr73jP</subfield>
      <subfield code="4">https://id.oclc.org/worldcat/ontology/hasWork</subfield>
    </datafield>
    <datafield tag="776" ind1="0" ind2=" ">
      <subfield code="t">De kunst der mondelijke voordracht of uiterlijke welsprekendheid (voor studenten, rederijkers, en verdere beoefenaars)</subfield>
      <subfield code="w">(NL-LeOCL)393344649</subfield>
    </datafield>
    <datafield tag="776" ind1="0" ind2=" ">
      <subfield code="t">De kunst der mondelijke voordracht of uiterlijke welsprekendheid (voor studenten, rederijkers, en verdere beoefenaars)</subfield>
      <subfield code="w">(NL-LeOCL)416197930</subfield>
    </datafield>
    <datafield tag="776" ind1="0" ind2=" ">
      <subfield code="t">De kunst der mondelijke voordracht of uiterlijke welsprekendheid (voor studenten, rederijkers, en verdere beoefenaars)</subfield>
      <subfield code="w">(NL-LeOCL)416206948</subfield>
    </datafield>
    <datafield tag="787" ind1="1" ind2="8">
      <subfield code="i">Bevat ook:</subfield>
      <subfield code="t">Over de hoorbare voordracht van den redenaar</subfield>
    </datafield>
    <datafield tag="936" ind1=" " ind2=" ">
      <subfield code="a">BATCHLOAD</subfield>
    </datafield>
  </record>